000 01072nam a2200301 c 4500
999 _c43456
_d43456
003 BLK
005 20220228134639.0
008 180408b bul|||||r ||||||| ||bul||
010 _aKNG00047192000
020 _a954-9766-02-0
040 _aBLK
041 _aBUL
_cBUL
080 _aБългарска литература
_b821.163.2
_x-1
_z821.163.2-1
100 1 _aФилипов, Михаил
_eпърви автор
_9258439
139 _aФилипов, Михаил
_bФ 50
245 1 0 _aРеализмът - бакалин и великата мегареалност
_bЕскизи на съвместната им вечност
_cМихаил Филипов.
257 _aBGR
260 _bПарнас-96
_c1999
_fСофия : Ango boy
300 _a83 с.
_c19Х19 см
380 _aX
500 _aОфс. изд.
653 _aстихотворения
852 _aЦб 210220
852 _aК 821.163.2/Ф 50 М
856 4 _qpdf
856 4 _qpdf
942 _cKNG
_n0
_s1
944 _aCR
_c01.01.1999
_kЛюдмила_Стоянова
944 _aED
_c07.03.2005
999 _d43456